| 000 | 00506nam a2200181Ia 4500 | ||
|---|---|---|---|
| 005 | 20250326144832.0 | ||
| 008 | 250326s9999 xx 000 0 und d | ||
| 037 | _aTextbook | ||
| 040 |
_aFMSL _beng _cFMSL |
||
| 041 |
_aeng _2eng |
||
| 084 |
_aX:513 P5 _qFMSL |
||
| 100 | _aChunawalla S A | ||
| 245 | 0 |
_aFoundations of advertising : theory and practice _cChunawalla S A |
|
| 260 |
_aDelhi _bDelhi, Himalaya _c2005 |
||
| 300 | _a930p | ||
| 942 |
_cTB _hX:513 P5 |
||
| 999 |
_c1305246 _d1305246 |
||